{"text_format":"2","workbook":"xlsx","n_sheets":1,"sheets":["Product Manifest"],"not_rendered":{"charts":0,"images":0,"macros":0,"external_links":0,"defined_names":0,"comments":0,"pivot_tables":0},"unopened":[],"bounds":{"document_bytes":16777216,"sheet_cells":100000,"run_cost":"one","rows_first":2000,"rows_last":500,"rows_between":2000,"halvings":0,"cell_chars":16384,"cell_head_chars":4096},"cells_cut":0,"cells_raw":0,"read":"whole","date_system":"1900"}

{"sheet":"Product Manifest","index":0,"n_rows":32,"n_cols":37,"rows_kept":32,"cut":false,"hidden":false,"merged":[]}
["Expiry Date","SKU Number","SKU Name","Product Name","Package type","# of <Package Type>","Items per Package Type","Total Items","Pack Size (Number)","Pack Size (Unit)","Bar Code Number","Bar Code format (EAN/UPC)","Brand","Product Category\n(Apparel & Footwear, Appliances, Automotive Supplies,\nBooks, Movies & Music, Cell Phones, Computer, Equipment & Software,\nConsumer Electronics, Furniture, Grocery, Health & Beauty, Home & Garden,\nIndustrial Equipment & Building, Jewelry & Watches, Office Supplies, Other,\nToys, Kids & Baby, TVs )","Product SubCategory","Manufactured Country","Manufactured Date","Pack Label Language","Warehouse Location Name","CBM per Package Type","Total CBM","Package Dimensions per Package Type (Length)","Package Dimensions per Package Type (Width)","Package Dimensions per Package Type (Height)","Gross Weight per Package Type","Net Weight per Package Type","# <of Package Type> Per Pallet","# of Pallets","Retail Price per <Package Type>","Total Retail","Price per item","Minimum Accepted Price per< Package Type>","Asking Price per <Package Type>","Total Asking Price","Dangerous Goods\n(Y/N)","MSDS File (Y/N)","Product Restricted Countries"]
["2022-09-06T00:00:25",67033201,"PONDS PURE WHITE FC FOAM 4X6X50G","SKIN CARE","Case",71.5,24,1716,50,"G",8999999052973,"EAN","POND'S","Health & Beauty","SKIN CARE","Indonesia","2019-09-22T00:00:25","Bahasa and English","Ngoro",0.00407,0.29135,0.245,0.235,0.255,1.61,1.2,246,0.290650407,11.31976351,809.3630912,0.471656813,2.213013767,2.603545608,186.153511]
["2022-10-14T00:00:25",67033212,"PONDS PURE WHITE FC FOAM 4X6X100G","SKIN CARE","Case",31.25,24,750,100,"G",8999999053048,"EAN","POND'S","Health & Beauty","SKIN CARE","Indonesia","2019-10-30T00:00:25","Bahasa and English","Ngoro",0.00774,0.24185,0.324,0.212,0.144,3.03,2.4,125,0.25,15.25371622,476.6786318,0.635571509,2.98210152,3.50835473,109.6360853]
["2022-01-07T00:00:25",67059298,"PONDS LEAVE-ON ACNE SOLUTION GEL 48X20G","SKIN CARE","Case",70,48,3360,20,"G",8999999058364,"EAN","POND'S","Health & Beauty","SKIN CARE","Indonesia","2019-01-23T00:00:25","Bahasa and English","WDC Cibitung",0.00708,0.49536,0.421,0.303,0.277,1.67,0.96,154,0.454545455,15.08614865,1056.030405,0.314294764,2.949342061,3.469814189,242.8869932]
["2022-01-08T00:00:25",67059298,"PONDS LEAVE-ON ACNE SOLUTION GEL 48X20G","SKIN CARE","Case",77.5,48,3720,20,"G",8999999058364,"EAN","POND'S","Health & Beauty","SKIN CARE","Indonesia","2019-01-24T00:00:25","Bahasa and English","WDC Cibitung",0.00708,0.54844,0.421,0.303,0.277,1.67,0.96,154,0.503246753,15.08614865,1169.17652,0.314294764,2.949342061,3.469814189,268.9105997]
["2022-09-20T00:00:25",67586811,"NAMEERA PURE RADIANT GEL CLNSER 24X100ML","SKIN CARE","Case",301.75,24,7242,100,"ML",8999999535063,"EAN","NAMEERA","Health & Beauty","SKIN CARE","Indonesia","2019-10-06T00:00:25","Bahasa and English","WDC Cibitung",0.00755,2.27831,0.226,0.186,0.25,3,2.4,120,2.514583333,38.67584459,11670.43611,1.611493525,7.561127618,8.895444257,2684.200304,"Y","Y"]
["2022-09-20T00:00:25",67586815,"NAMEERA HYDRA GLOW ESSENCE WTR 12X110ML","SKIN CARE","Case",99.25,12,1191,110,"ML",8999999535155,"EAN","NAMEERA","Health & Beauty","SKIN CARE","Indonesia","2019-10-06T00:00:25","Bahasa and English","WDC Cibitung",0.00628,0.62322,0.23,0.195,0.26,2.1,1.32,156,0.636217949,63.30320946,6282.843539,5.275267455,12.37577745,14.55973818,1445.054014]
["2022-09-20T00:00:25",67586817,"NAMEERA AB PERFECTING SERUM 12X25ML","SKIN CARE","Case",143.75,12,1725,25,"ML",8999999535162,"EAN","NAMEERA","Health & Beauty","SKIN CARE","Indonesia","2019-10-06T00:00:25","Bahasa and English","WDC Cibitung",0.00271,0.38982,0.23,0.195,0.26,0.71,0.59,370,0.388513514,41.85929054,6017.273015,3.488274212,8.183491301,9.627636824,1383.972793]
["2022-09-20T00:00:25",67586821,"NAMEERA PURIFYING GLOW PFCT MIST 12X55ML","SKIN CARE","Case",39,12,468,55,"ML",8999999535186,"EAN","NAMEERA","Health & Beauty","SKIN CARE","Indonesia","2019-10-06T00:00:25","Bahasa and English","WDC Cibitung",0.00235,0.09181,0.23,0.195,0.26,1,0.66,396,0.098484848,33.93243243,1323.364865,2.827702703,6.633790541,7.804459459,304.3739189]
["2022-09-20T00:00:25",67586835,"NAMEERA PURE NUDE MOIST LIPSTICK 6X3.5G","SKIN CARE","Case",343,6,2058,3.5,"G",8999999535018,"EAN","NAMEERA","Health & Beauty","SKIN CARE","Indonesia","2019-10-06T00:00:25","Bahasa and English","WDC Cibitung",0.00039,0.13536,0.23,0.195,0.26,0.15,0.021,2500,0.1372,13.28716216,4557.496622,2.214527027,2.597640203,3.056047297,1048.224223]
["2022-09-20T00:00:25",67586837,"NAMEERA PURE ROSE MOIST LIPSTICK 6X3.5G","SKIN CARE","Case",243.75,6,1462.5,3.5,"G",8999999535025,"EAN","NAMEERA","Health & Beauty","SKIN CARE","Indonesia","2019-10-06T00:00:25","Bahasa and English","WDC Cibitung",0.00039,0.09619,0.23,0.195,0.26,0.15,0.021,2500,0.0975,13.3277027,3248.627534,2.221283784,2.605565878,3.065371622,747.1843328]
["2022-09-20T00:00:25",67586839,"NAMEERA PURE BROWN MOIST LIPSTICK 6X3.5G","SKIN CARE","Case",177.5,6,1065,3.5,"G",8999999535032,"EAN","NAMEERA","Health & Beauty","SKIN CARE","Indonesia","2019-10-06T00:00:25","Bahasa and English","WDC Cibitung",0.00039,0.07005,0.23,0.195,0.26,0.15,0.021,2500,0.071,13.28716216,2358.471284,2.214527027,2.597640203,3.056047297,542.4483953]
["2022-09-20T00:00:25",67586845,"NAMEERA AB PERFECT DAY CRM SPF30 24X20G","SKIN CARE","Case",761,24,18264,20,"G",8999999535070,"EAN","NAMEERA","Health & Beauty","SKIN CARE","Indonesia","2019-10-06T00:00:25","Bahasa and English","WDC Cibitung",0.0046,3.49965,0.174,0.166,0.174,1,0.499,190,4.005263158,28.86351351,21965.13378,1.202646396,5.642816892,6.638608108,5051.98077]
["2022-09-24T00:00:25",67586845,"NAMEERA AB PERFECT DAY CRM SPF30 24X20G","SKIN CARE","Case",481.25,24,11550,20,"G",8999999535070,"EAN","NAMEERA","Health & Beauty","SKIN CARE","Indonesia","2019-10-10T00:00:25","Bahasa and English","WDC Cibitung",0.0046,2.21315,0.174,0.166,0.174,1,0.499,190,2.532894737,28.86351351,13890.56588,1.202646396,5.642816892,6.638608108,3194.830152]
["2022-10-07T00:00:25",67586845,"NAMEERA AB PERFECT DAY CRM SPF30 24X20G","SKIN CARE","Case",481.25,24,11550,20,"G",8999999535070,"EAN","NAMEERA","Health & Beauty","SKIN CARE","Indonesia","2019-10-23T00:00:25","Bahasa and English","WDC Cibitung",0.0046,2.21315,0.174,0.166,0.174,1,0.499,190,2.532894737,28.86351351,13890.56588,1.202646396,5.642816892,6.638608108,3194.830152]
["2022-09-20T00:00:25",67586847,"NAMEERA AB PERFECT DAY CRM SPF30 12X50G","SKIN CARE","Case",89.75,12,1077,50,"G",8999999535087,"EAN","NAMEERA","Health & Beauty","SKIN CARE","Indonesia","2019-10-06T00:00:25","Bahasa and English","WDC Cibitung",0.00683,0.61276,0.174,0.166,0.174,3,0.612,150,0.598333333,51.05844595,4582.495524,4.254870495,9.981926182,11.74344257,1053.97397]
["2022-09-20T00:00:25",67586850,"NAMEERA AB PERFECT DAY GEL SPF15 24X20G","SKIN CARE","Case",295,24,7080,20,"G",8999999535094,"EAN","NAMEERA","Health & Beauty","SKIN CARE","Indonesia","2019-10-06T00:00:25","Bahasa and English","WDC Cibitung",0.0046,1.35663,0.174,0.166,0.174,1,0.499,190,1.552631579,28.75405405,8482.445946,1.198085586,5.621417568,6.613432432,1950.962568]
["2022-09-30T00:00:25",67586850,"NAMEERA AB PERFECT DAY GEL SPF15 24X20G","SKIN CARE","Case",186.5,24,4476,20,"G",8999999535094,"EAN","NAMEERA","Health & Beauty","SKIN CARE","Indonesia","2019-10-16T00:00:25","Bahasa and English","WDC Cibitung",0.0046,0.85767,0.174,0.166,0.174,1,0.499,190,0.981578947,28.75405405,5362.631081,1.198085586,5.621417568,6.613432432,1233.405149]
["2022-09-20T00:00:25",67586854,"NAMEERA AB PERFECT DAY GEL SPF15 12X50G","SKIN CARE","Case",272.5,12,3270,50,"G",8999999535100,"EAN","NAMEERA","Health & Beauty","SKIN CARE","Indonesia","2019-10-06T00:00:25","Bahasa and English","WDC Cibitung",0.00683,1.86046,0.334,0.209,0.256,3,0.612,150,1.816666667,49.79932432,13570.31588,4.149943694,9.735767905,11.45384459,3121.172652]
["2022-09-20T00:00:25",67586860,"NAMEERA AB MICELLAR WATER 12X100ML","SKIN CARE","Case",167.75,12,2013,100,"ML",8999999535308,"EAN","NAMEERA","Health & Beauty","SKIN CARE","Indonesia","2019-10-06T00:00:25","Bahasa and English","WDC Cibitung",0.00406,0.68083,0.334,0.209,0.256,1.87,1.632,240,0.698958333,23.38361486,3922.601394,1.948634572,4.571496706,5.378231419,902.1983205,"Y","Y"]
["2022-08-31T00:00:25",67715255,"PONDS WHT BTY MINERAL CLAY MASK 6X6X8G","SKIN CARE","Case",156.25,36,5625,8,"G",8851932390392,"EAN","POND'S","Health & Beauty","SKIN CARE","Indonesia","2019-09-16T00:00:25","Bahasa and English","WDC Cibitung",0.00503,0.78528,0.414,0.256,0.231,0.681,0.288,234,0.667735043,12.30675676,1922.930743,0.341854354,2.405970946,2.830554054,442.2740709]
["2022-09-01T00:00:25",67715255,"PONDS WHT BTY MINERAL CLAY MASK 6X6X8G","SKIN CARE","Case",503.75,36,18135,8,"G",8851932390392,"EAN","POND'S","Health & Beauty","SKIN CARE","Indonesia","2019-09-17T00:00:25","Bahasa and English","WDC Cibitung",0.00503,2.53175,0.414,0.256,0.231,0.681,0.288,234,2.152777778,12.30675676,6199.528716,0.341854354,2.405970946,2.830554054,1425.891605]
["2022-09-05T00:00:25",67715255,"PONDS WHT BTY MINERAL CLAY MASK 6X6X8G","SKIN CARE","Case",679,36,24444,8,"G",8851932390392,"EAN","POND'S","Health & Beauty","SKIN CARE","Indonesia","2019-09-21T00:00:25","Bahasa and English","WDC Cibitung",0.00503,3.41253,0.311,0.213,0.175,0.681,0.288,234,2.901709402,12.30675676,8356.287838,0.341854354,2.405970946,2.830554054,1921.946203]
["2022-05-27T00:00:25",67838962,"PONDS MILK MICELLAR WATER 4X3X100ML","SKIN CARE","Case",52.25,12,627,100,"ML",8999999549602,"EAN","POND'S","Health & Beauty","SKIN CARE","Indonesia","2020-06-06T00:00:25","Bahasa and English","Ngoro",0.00357,0.18653,0.265,0.165,0.177,1.5,1.2,324,0.161265432,19.60456081,1024.338302,1.633713401,3.832691639,4.509048986,235.5978095]
["2022-06-21T00:00:25",67838962,"PONDS MILK MICELLAR WATER 4X3X100ML","SKIN CARE","Case",346.5,12,4158,100,"ML",8999999549602,"EAN","POND'S","Health & Beauty","SKIN CARE","Indonesia","2020-07-01T00:00:25","Bahasa and English","WDC Cibitung",0.00357,1.237,0.349,0.256,0.171,1.5,1.2,324,1.069444444,19.6,6792.980321,1.633713401,3.832691639,4.509048986,1562.385474]
["2022-06-01T00:00:25",67844036,"PONDS CLEANSING BALM 8X3X44ML","SKIN CARE","Case",75.75,24,1818,44,"ML",4800888211552,"EAN","POND'S","Health & Beauty","SKIN CARE","Indonesia","2020-06-11T00:00:25","Bahasa and English","WDC Cibitung",0.00947,0.71709,"#REF!","#REF!","#REF!",2.6,0.9,112,0.676339286,69.5,5267.171326,2.897233953,13.59382171,15.99273142,1211.449405]
["2022-06-10T00:00:25",67844036,"PONDS CLEANSING BALM 8X3X44ML","SKIN CARE","Case",103.5,24,2484,44,"ML",4800888211552,"EAN","POND'S","Health & Beauty","SKIN CARE","Indonesia","2020-06-20T00:00:25","Bahasa and English","WDC Cibitung",0.00947,0.97979,"#REF!","#REF!","#REF!",2.6,0.9,112,0.924107143,69.5,7196.729139,2.897233953,13.59382171,15.99273142,1655.247702]
["2022-05-10T00:00:25",67844039,"PONDS CLEANSING BALM 8X3X100ML","SKIN CARE","Case",50.75,24,1218,100,"ML",4800888211569,"EAN","POND'S","Health & Beauty","SKIN CARE","Indonesia","2020-05-20T00:00:25","Bahasa and English","WDC Cibitung",0.01528,0.77535,0.28,0.146,0.178,4.68,2.113,55,0.922727273,146.9,7455.209291,6.120861486,28.71908209,33.78715541,1714.698137]
["2022-06-07T00:00:25",67844039,"PONDS CLEANSING BALM 8X3X100ML","SKIN CARE","Case",45.75,24,1098,100,"ML",4800888211569,"EAN","POND'S","Health & Beauty","SKIN CARE","Indonesia","2020-06-17T00:00:25","Bahasa and English","WDC Cibitung",0.01528,0.69896,0.28,0.146,0.178,4.68,2.113,55,0.831818182,146.9,6720.705912,6.120861486,28.71908209,33.78715541,1545.76236]
["2022-04-14T00:00:25",67923771,"CITRA TONE UP PEARLY WHITE CRM 48X20G","SKIN CARE","Case",31.75,48,1524,20,"G",8999999553265,"EAN","CITRA","Health & Beauty","SKIN CARE","Indonesia","2020-04-24T00:00:25","Bahasa and English","WDC Cibitung",0.00745,0.23667,0.28,0.146,0.178,2.02,0.96,147,0.215986395,21.2,673.3949747,0.44186022,3.731774671,4.390323142,139.3927598]
["2023-07-29T00:00:25",68406876,"PONDS AGE MIRACLE EYE CREAM 2X50X3G","SKIN CARE","Case",55,100,5500,3,"G",8999999566708,"EAN","POND'S","Health & Beauty","SKIN CARE","Indonesia","2020-08-13T00:00:25","Bahasa and English","WDC Cibitung",0.0058,0.31923,0.481,0.251,0.297,1.153,0.3,160,0.34375,82.3,4525.366554,0.822793919,20.91130745,24.60153818,1353.0846]
["2023-07-25T00:00:25",68434098,"PONDS WHITE BEAUTY FACIAL FOAM 4X6X30G","SKIN CARE","Case",209.5,24,5028,30,"G",8999999568153,"EAN","POND'S","Health & Beauty","SKIN CARE","Indonesia","2020-08-09T00:00:25","Bahasa and English","Ngoro",0.00397,0.83089,0.373,0.198,0.125,1.6,0.72,287,0.729965157,13.38412162,2803.97348,0.557671734,3.40157451,4.001852365,838.3880704]